Movies Quiz

Random Movies or Letter Quiz

'N' Movies by Picture Quiz Stats

 Plays Quiz Updated Oct 16, 2012

Challenge
Share
Tweet
Score 0/25 Timer 06:00
0 Plays Today
Grid Location Movie % Correct
4CNight at the Museum
93%
5ENightmare Before Christmas
86.2%
3EA Nightmare on Elm Street
82.7%
3CNapoleon Dynamite
80.8%
5CNacho Libre
77.3%
5BNanny McPhee
70.1%
3ANational Treasure
69.1%
1BNo Country for Old Men
67%
4ENeverEnding Story
65.8%
1FThe Naked Gun
54.6%
3BNorth by Northwest
52.5%
2CNotting Hill
48.9%
1CNosferatu
43.3%
Grid Location Movie % Correct
5ANorbit
41.5%
1ANight of the Living Dead
41.4%
5FThe Nutty Professor
36.7%
1DNick and Norah's Infinite Playlist
35.9%
3DNext Friday
35.8%
2ENo Strings Attached
32.7%
2BNever Been Kissed
31.7%
2DNatural Born Killers
26.7%
5DNetwork
26.7%
2FNever Say Never Again
23%
4FNumber 23
22.9%
4BThe Negotiator
19.7%

You're not logged in!

Compare scores with friends on all Sporcle quizzes.
Join for Free
OR
Log In

You Might Also Like...

Show Comments

Extras

Top Quizzes Today


Score Distribution

Your Account Isn't Verified!

In order to create a playlist on Sporcle, you need to verify the email address you used during registration. Go to your Sporcle Settings to finish the process.

Report this User

Report this user for behavior that violates our Community Guidelines.

Details: